000 00459nam a2200181Ia 4500
008 221030s9999 xx 000 0 und d
020 _a8122411509
041 _aEnglish
082 _a105.23
_bKak
100 _aS. L. Kakani
245 2 _aA Text Book OF Electronics
_cby S. L. Kakani, K. C. Bhandri
250 _a2nd
260 _bNew Age International Pub.
_aNew Delhi
_c2000
300 _a582
650 _aECE
700 _aK. C. Bhandri
942 _cBK
999 _c6640
_d6640